|
|
|
|
| LEADER |
00000nab a2200000 a 4500 |
| 001 |
vtls000518245 |
| 003 |
SK-MaSNL |
| 005 |
20260304090903.0 |
| 008 |
250425c1993 xo 0 slo |
| 015 |
|
|
|a SNBRA19rr/mm-uuuuu
|
| 035 |
|
|
|a CL0518383
|
| 035 |
|
|
|a urn:nbn:sk:snk-abcy9
|
| 035 |
|
|
|a (urnnbn)urn:nbn:sk:snk:ar-a04dy8
|
| 035 |
|
|
|a (uuid)1b14531b-1cbf-4ef2-8de3-8363cf165c91
|
| 040 |
|
|
|a SNKBUCL
|b slo
|c SNKBUCL
|e AACR2
|
| 041 |
0 |
|
|a slo
|
| 044 |
|
|
|a xo
|c SK
|
| 080 |
|
|
|a 903.3/.5"6375":902
|2 1981
|
| 080 |
|
|
|a 902
|2 1981
|
| 100 |
1 |
|
|a Gašaj, Dárius
|4 aut
|9 8313
|
| 245 |
1 |
0 |
|a Šestnásta etapa výskumu v Nižnej Myšli
|c Dárius Gašaj, Ladislav Olexa
|
| 300 |
|
|
|b Res. nem.
|
| 650 |
0 |
7 |
|a sídliská opevnené
|2 snkbucl
|9 1211259
|
| 650 |
0 |
7 |
|a pohrebiská
|2 snkbucl
|9 30462
|
| 650 |
0 |
7 |
|a kultúra otomanská
|2 snkbucl
|9 962583
|
| 651 |
|
7 |
|a Nižná Myšľa (Slovensko)
|2 snkbucl
|9 29643
|
| 655 |
|
7 |
|a články zo zborníkov
|2 snkbucl
|9 166140
|
| 700 |
1 |
|
|a Olexa, Ladislav,
|d 1951-
|4 aut
|9 115524
|
| 773 |
0 |
|
|t Archeologické výskumy a nálezy na Slovensku v roku 1992
|d Nitra : Archeologický ústav Slovenskej akadémie vied, 1993
|g S. 41-42
|z 8088709091
|
| 850 |
|
|
|a Slovenská národná knižnica
|
| 852 |
|
|
|a Slovenská národná knižnica
|
| 954 |
|
|
|a odborná, vedecká literatúra pôvodná (slovenská)
|2 lita
|
| 957 |
|
|
|a 5404
|
| 958 |
|
|
|a article27
|
| 958 |
|
|
|a RK
|
| 958 |
|
|
|a OND
|
| 958 |
|
|
|a EUIPO
|
| 992 |
|
|
|a RZB
|
| 999 |
|
|
|c 2813185
|d 2815115
|